U.S. States of the Wheat Belt on a Map - Statistics

General Stats
  • This quiz has been taken 272 times
  • The average score is 12 of 12
Answers on the Map
Answers color-coded by a green-red scale on the quiz's map according to % correct below.
 
Answer Stats
U.S. States % Correct
Colorado
100%
Kansas
100%
Montana
100%
Nebraska
100%
Oklahoma
100%
Texas
100%
Missouri
99%
New Mexico
99%
North Dakota
99%
South Dakota
99%
Wyoming
99%
Minnesota
98%
No matching quizzes found
Score Distribution
Percent of People with Each Score
Percentile by Number Answered
Your Score History
You have not taken this quiz